[Event "Challenge"]
[Site "http://www.queenalice.com/game.php?id=1155431"]
[Date "2013.2.25"]
[Round "-"]
[White "pj"]
[Black "herculesvieira"]
[Result "0-1"]
[WhiteElo "1610"]
[BlackElo "1473"]

1. e4 e5 2. g4 Nf6 3. f3 d5 4. g5 Nh5 5. d3 Nf4 6. h4 dxe4 7. dxe4 Qxd1+ 8. Kxd1
Bc5 9. Ne2 Nxe2 10. Bxe2 f5 11. gxf6 gxf6 12. f4 Nc6 13. c3 Bd7 14. b4 Be7 15.
Bh5+ Kd8 16. a4 exf4 17. Bxf4 Ne5 18. a5 b5 19. axb6 cxb6 20. Nd2 a5 21. bxa5
bxa5 22. Bh6 Bg4+ 23. Bxg4 Nxg4 24. Bf4 Nf2+ 25. Ke2 Nxh1 26. Rxh1 a4 27. Rd1
Rf8 28. Nc4+ Ke8 29. Nb6 Ra6 30. Nd7 Rf7 31. Kf3 f5 32. e5 Bxh4 33. e6 Rxe6 34.
Nc5 Rc6 35. Nxa4 Ra7 36. Nb2 Rxc3+ 37. Nd3 Re7 38. Bd6 Re1 39. Rxe1+ Bxe1 40.
Ke2 Rxd3 41. Kxd3 Kf7 42. Ke2 Bh4 43. Kf3 Kg6 44. Kf4 h5 45. Kf3 Bf6 46. Bh2 h4
47. Bf4 Bg5 48. Be5 Bc1 49. Bh2 Kg5 50. Be5 h3 51. Kg3 h2 52. Kg2 Bf4 53. Bc3
Bg3 54. Ba5 f4 55. Bd8+ Kg4 56. Bb6 f3+ 57. Kh1 Kf5 58. Be3 Ke4 59. Ba7 Kd3 60.
Bg1 hxg1=Q+ 61. Kxg1 Ke2 62. Kh1 Bh2 63. Kxh2 f2 64. Kg3 f1=Q 65. Kg4 Qf2 66.
Kg5 Qf3 67. Kg6 Qf4 68. Kh5 Qg3 69. Kh6 Qg4 70. Kh7 Qg5 71. Kh8 Ke3 72. Kh7 Ke4
73. Kh8 Kf5 74. Kh7 Kf6 75. Kh8 Qg7# 0-1

[Event "AUTO-INT-2917"]
[Site "http://www.queenalice.com/game.php?id=1318894"]
[Date "2014.10.29"]
[Round "1"]
[White "herculesvieira"]
[Black "spawnwolfwolverine"]
[Result "1-0"]
[WhiteElo "1724"]
[BlackElo "1682"]

1. e4 e5 2. Nf3 d6 3. Bc4 Be6 4. Bxe6 fxe6 5. O-O Nf6 6. d3 Nc6 7. Bg5 h6 8.
Bxf6 Qxf6 9. Nc3 O-O-O 10. Qd2 g5 11. Qe3 d5 12. exd5 exd5 13. Ne2 b6 14. c4
dxc4 15. dxc4 Bc5 16. Qc3 Bd4 17. Nexd4 exd4 18. Qd3 Nb4 19. Qd2 c5 20. a3 Nc6
21. b4 cxb4 22. axb4 g4 23. Ne1 h5 24. b5 Na5 25. Qb4 d3 26. Rd1 d2 27. Rxd2 h4
28. Rxd8+ Rxd8 29. c5 Qe7 30. Qxg4+ Kb7 31. c6+ Kc7 32. h3 Rd5 33. Nf3 Rxb5 34.
Qxh4 Nxc6 35. Qxe7+ Nxe7 36. Rc1+ Kb7 37. Nd4 Rc5 38. Rxc5 bxc5 39. Nc2 a5 40.
g4 a4 41. g5 Kb6 42. h4 c4 43. h5 Nf5 44. h6 Nxh6 45. gxh6 c3 46. h7 Kb5 47.
h8=Q Kc4 48. Qd4+ Kb3 49. f4 a3 50. Nxa3 c2 51. Nxc2 Kxc2 52. Qe3 Kb2 53. Qd3
Ka2 54. Qb5 Ka3 55. Kf2 Ka2 56. Qb4 Ka1 57. Ke2 Ka2 58. Kd2 Ka1 59. Kc2 Ka2 60.
Qb2# 1-0

[Event "AUTO-INT-2917"]
[Site "http://www.queenalice.com/game.php?id=1318895"]
[Date "2014.10.29"]
[Round "1"]
[White "spawnwolfwolverine"]
[Black "herculesvieira"]
[Result "1/2-1/2"]
[WhiteElo "1643"]
[BlackElo "1731"]

1. d4 d5 2. e3 e6 3. g3 Nf6 4. Bg2 Be7 5. Nf3 O-O 6. O-O Bd7 7. b3 Nc6 8. Ba3
Bxa3 9. Nxa3 Qe7 10. Qc1 a6 11. c4 dxc4 12. Nxc4 b5 13. Nce5 Nxe5 14. Nxe5 Rac8
15. Nxd7 Qxd7 16. Qc6 Qxc6 17. Bxc6 Rfd8 18. b4 Nd5 19. Bxd5 Rxd5 20. a4 c6 21.
axb5 Rxb5 22. Rxa6 Rxb4 23. Rc1 g6 24. Rcxc6 Rxc6 25. Rxc6 f5 26. Rxe6 Rb5 27.
Kg2 Kf7 28. Ra6 h5 29. h4 Kg7 30. Kf3 Rb2 31. d5 Rd2 32. d6 Kf7 33. Ra7+ Ke6 34.
d7 Rxd7 35. Rxd7 Kxd7 36. e4 Kd6 37. exf5 gxf5 38. Ke3 Ke5 39. f4+ Kf6 40. Kd4
Ke6 41. Kc5 Kf7 42. Kd5 Kf6 43. Kd6 Kg7 44. Ke6 Kg6 45. Ke7 Kg7 46. Ke8 Kg8 47.
Ke7 Kg7 48. Ke8 Kg8 49. Ke7 Kg7 1/2-1/2

[Event "AUTO-INT-2917"]
[Site "http://www.queenalice.com/game.php?id=1318896"]
[Date "2014.10.29"]
[Round "1"]
[White "herculesvieira"]
[Black "Danado"]
[Result "1-0"]
[WhiteElo "1562"]
[BlackElo "1679"]

1. e4 e5 2. Nf3 d6 3. Bc4 f6 4. Bxg8 Rxg8 5. O-O Bg4 6. d3 Bxf3 7. Qxf3 Nc6 8.
Nc3 Nd4 9. Qh5+ Ke7 10. Nd5+ Kd7 11. Qxh7 Be7 12. c3 Nb5 13. Nxe7 Qxe7 14. a4
Nxc3 15. bxc3 f5 16. Qxf5+ Qe6 17. Qxe6+ Kxe6 18. f4 g6 19. Bd2 Raf8 20. fxe5
dxe5 21. Rxf8 Rxf8 22. g4 Rd8 23. Kf2 Rxd3 24. Ke2 Rh3 25. Rh1 a5 26. c4 Ra3 27.
h4 Rxa4 28. h5 Kf7 29. h6 Rxc4 30. h7 Rxe4+ 31. Kf3 1-0

[Event "AUTO-INT-2917"]
[Site "http://www.queenalice.com/game.php?id=1318897"]
[Date "2014.10.29"]
[Round "1"]
[White "Danado"]
[Black "herculesvieira"]
[Result "0-1"]
[WhiteElo "1679"]
[BlackElo "1620"]

1. e4 e5 2. d4 d6 3. dxe5 Qh4 4. exd6 Qxe4+ 5. Ne2 Bxd6 6. f3 Qe7 7. Nc3 Nf6 8.
Bg5 O-O 9. Nd5 Qe5 10. Nxf6+ gxf6 11. Bd2 Qxb2 12. Nc3 Re8+ 13. Be2 Bf5 14. Rc1
Bb4 15. Rb1 Qa3 16. Nb5 Bxd2+ 17. Qxd2 Qc5 18. Nd4 Nc6 19. Rb5 Qxd4 20. Rxf5
Qxd2+ 21. Kxd2 Nd4 22. Rxf6 Nxe2 23. Re1 Nd4 24. Rxe8+ Rxe8 25. Kd3 c5 26. c3
Ne6 27. f4 b5 28. c4 Kg7 29. Rf5 Kg6 30. Re5 Nxf4+ 31. Ke4 Rxe5+ 0-1

[Event "AUTO-INT-2917"]
[Site "http://www.queenalice.com/game.php?id=1318898"]
[Date "2014.10.29"]
[Round "1"]
[White "herculesvieira"]
[Black "SMB51"]
[Result "1-0"]
[WhiteElo "1666"]
[BlackElo "1659"]

1. e4 e5 2. Nf3 Nc6 3. Bc4 h6 4. O-O Nf6 5. d3 Be7 6. Nc3 O-O 7. Bd5 d6 8. Bxc6
bxc6 9. Bd2 Bg4 10. h3 Bh5 11. g4 Nxg4 12. hxg4 Bxg4 13. Kg2 Bh5 14. Rh1 Bg4 15.
Rh2 h5 16. Qh1 Bxf3+ 17. Kxf3 h4 18. Qg2 Rb8 19. Bh6 Bf6 20. Rg1 g5 21. Bxg5
Bxg5 22. Qxg5+ 1-0

[Event "AUTO-INT-2917"]
[Site "http://www.queenalice.com/game.php?id=1318899"]
[Date "2014.10.29"]
[Round "1"]
[White "SMB51"]
[Black "herculesvieira"]
[Result "0-1"]
[WhiteElo "1659"]
[BlackElo "1701"]

1. e4 e5 2. Nf3 Nc6 3. Bc4 Bc5 4. Nc3 Nf6 5. O-O O-O 6. d3 d6 7. Bg5 a6 8. Nd5
b5 9. Bb3 h6 10. Bh4 g5 11. Nxg5 Nxd5 12. Bxd5 hxg5 13. Bxc6 Rb8 14. Bg3 Qf6 15.
Qh5 Kg7 16. h4 gxh4 17. Bxh4 Qg6 18. Qxg6+ Kxg6 19. a4 f5 20. axb5 axb5 21. c3
b4 22. c4 Rh8 23. exf5+ Bxf5 24. Bg3 Bxd3 25. Rfc1 Kf5 26. b3 Rbg8 27. Bh4 Rxh4
28. Rd1 Rgh8 29. g3 Rh2 30. Rxd3 Rxf2 31. g4+ Kxg4 0-1

[Event "AUTO-INT-2917"]
[Site "http://www.queenalice.com/game.php?id=1356054"]
[Date "2015.4.27"]
[Round "2"]
[White "vincenzo"]
[Black "herculesvieira"]
[Result "0-1"]
[WhiteElo "1716"]
[BlackElo "1731"]

1. d4 d5 2. e3 Nf6 3. Nf3 e6 4. c3 Be7 5. Bb5+ Bd7 6. c4 Bxb5 7. cxb5 c5 8. dxc5
Bxc5 9. O-O O-O 10. Nc3 Nbd7 11. a4 Qc7 12. h3 a6 13. Ng5 axb5 14. Nxb5 Qb6 15.
b3 h6 16. Nf3 e5 17. Bb2 e4 18. Ne5 Nxe5 19. Bxe5 Qe6 20. f4 Bxe3+ 21. Kh2 Nd7
22. Nc7 Qg6 23. Nxa8 Rxa8 24. Qxd5 Nxe5 25. fxe5 Rb8 26. Rfe1 Bf4+ 27. Kh1 Qg3
28. Kg1 Qh2+ 29. Kf1 e3 30. Ke2 Bxe5 31. Kxe3 Bxa1 32. Rxa1 Qc7 33. Rf1 Re8+ 34.
Kd4 Rd8 35. Rf5 Rxd5+ 36. Rxd5 Qf4+ 37. Kc5 Qf2+ 38. Rd4 Qxg2 39. Kb6 Qxh3 40.
Kxb7 Qxb3+ 41. Kc8 Qc3+ 0-1

[Event "AUTO-INT-2917"]
[Site "http://www.queenalice.com/game.php?id=1356055"]
[Date "2015.4.27"]
[Round "2"]
[White "herculesvieira"]
[Black "vincenzo"]
[Result "1-0"]
[WhiteElo "1751"]
[BlackElo "1716"]

1. e4 e5 2. Nf3 h6 3. Bc4 Nf6 4. Nxe5 Qe7 5. d4 d6 6. Nf3 Qxe4+ 7. Qe2 d5 8.
Qxe4+ dxe4 9. Ne5 Be6 10. Bxe6 fxe6 11. Bf4 Bd6 12. Nd2 Nc6 13. Nxc6 bxc6 14.
Be5 O-O 15. Bxf6 gxf6 16. Nxe4 f5 17. Nxd6 cxd6 18. O-O Rab8 19. b3 d5 20. Rac1
Rf6 21. c4 Rg6 22. cxd5 cxd5 23. Rc7 a5 24. Rfc1 Rg4 25. Rd1 f4 26. f3 Rg7 27.
Rxg7+ Kxg7 28. Rc1 Kg6 29. Rc6 Kf5 30. g3 Rg8 31. g4+ Kf6 32. Ra6 h5 33. h3 hxg4
34. hxg4 Rc8 35. Rxa5 Rc3 36. Rc5 Rxf3 37. b4 Rg3+ 38. Kf2 Rxg4 39. b5 Rg7 40.
b6 Rb7 41. Rc6 Ke7 42. a4 Kd7 43. Rc7+ Rxc7 44. bxc7 Kxc7 45. Kf3 Kb6 46. Kxf4
Ka5 47. Ke5 Kxa4 48. Kxe6 Kb5 49. Kxd5 Kb6 50. Kd6 Kb7 51. Kd7 Kb6 52. d5 1-0

[Event "AUTO-INT-2917"]
[Site "http://www.queenalice.com/game.php?id=1356058"]
[Date "2015.4.27"]
[Round "2"]
[White "herculesvieira"]
[Black "Corvidae"]
[Result "0-1"]
[WhiteElo "1758"]
[BlackElo "1901"]

1. e4 c5 2. Nf3 d6 3. d4 cxd4 4. Nxd4 Nf6 5. Nc3 a6 6. Bd3 e5 7. Nb3 Be7 8. O-O
O-O 9. Bg5 h6 10. Bxf6 Bxf6 11. Qh5 Be6 12. Nd2 Nc6 13. f4 exf4 14. Nd5 Bxd5 15.
exd5 Ne5 16. Kh1 Qa5 17. Qe2 Qxd5 18. Be4 Qa5 19. Rxf4 Bg5 20. Raf1 Bxf4 21.
Rxf4 Rae8 22. Nf3 d5 23. Bh7+ Kxh7 24. Ng5+ Kg8 25. h3 Ng6 26. Qd3 hxg5 27. Rg4
Ne5 0-1

[Event "AUTO-INT-2917"]
[Site "http://www.queenalice.com/game.php?id=1356059"]
[Date "2015.4.27"]
[Round "2"]
[White "Corvidae"]
[Black "herculesvieira"]
[Result "1-0"]
[WhiteElo "1924"]
[BlackElo "1743"]

1. d4 d5 2. c4 e6 3. Nc3 Nf6 4. cxd5 exd5 5. Bg5 Bb4 6. e3 h6 7. Bh4 Qd6 8. Bxf6
Qxf6 9. Qf3 Bxc3+ 10. bxc3 Qxf3 11. Nxf3 Bg4 12. Ne5 Be6 13. Bd3 Nd7 14. Nxd7
Kxd7 15. h3 Rac8 16. Kd2 c5 17. Rab1 b6 18. Bb5+ Kd6 19. Ba6 Rc7 20. Rhe1 Bf5
21. Rb2 g5 22. g4 Be4 23. Bd3 Bg2 24. Bf1 Be4 25. Be2 Rf8 26. f3 Bg6 27. Bd3
Bxd3 28. Kxd3 c4+ 29. Kd2 f5 30. a4 fxg4 31. fxg4 Rf3 32. Kd1 Rxh3 33. Rg2 Rf7
34. Kd2 Rff3 35. Rgg1 Rf2+ 36. Re2 Rxe2+ 37. Kxe2 Rh2+ 38. Kf3 Ra2 39. Rh1 Rc2
40. Rxh6+ Ke7 41. Rh7+ Kf6 42. Rxa7 Rxc3 43. Ra6 Rb3 44. a5 c3 45. axb6 c2 46.
b7+ Ke7 47. Rc6 Kd7 48. Rxc2 Rxb7 49. Rh2 Ke6 50. Rh6+ Kf7 51. Rh7+ 1-0

[Event "AUTO-OPEN-3665"]
[Site "http://www.queenalice.com/game.php?id=1427105"]
[Date "2016.6.11"]
[Round "1"]
[White "herculesvieira"]
[Black "roqqk"]
[Result "1-0"]
[WhiteElo "1784"]
[BlackElo "1691"]

1. e4 e5 2. Nf3 Nc6 3. Bb5 Qe7 4. Nc3 d6 5. d4 Bd7 6. d5 Nd4 7. Bxd7+ Qxd7 8.
Nxd4 exd4 9. Qxd4 Nf6 10. Bg5 Be7 11. Bxf6 Bxf6 12. Qd3 O-O 13. O-O a6 14. f4 b5
15. Rf3 c5 16. dxc6 Qxc6 17. Nd5 Qc5+ 18. Kf1 Rfe8 19. c3 a5 20. Nxf6+ gxf6 21.
Rh3 f5 22. exf5 f6 23. Rd1 Red8 24. Qd5+ Qxd5 25. Rxd5 b4 26. Rhd3 bxc3 27. Rxc3
Rdb8 28. b3 a4 29. Rxd6 axb3 30. Rxb3 Kg7 31. Rxb8 Rxb8 32. a4 Ra8 33. Rd4 Kh6
34. Ke2 Kh5 35. Kd3 Kg4 36. Kc3 Ra5 37. Rb4 h5 38. Kb3 Rxf5 39. g3 Kh3 40. Rb5
Rxb5+ 41. axb5 Kxh2 42. b6 Kxg3 43. b7 Kxf4 44. b8=Q+ Kg5 45. Qg3+ Kf5 46. Qh4
Kg6 47. Kc3 f5 48. Kd3 Kh6 49. Ke3 1-0

[Event "AUTO-OPEN-3665"]
[Site "http://www.queenalice.com/game.php?id=1427106"]
[Date "2016.6.11"]
[Round "1"]
[White "roqqk"]
[Black "herculesvieira"]
[Result "0-1"]
[WhiteElo "1691"]
[BlackElo "1769"]

1. e4 e5 2. Nf3 Nc6 3. Bb5 Nf6 4. d3 Bc5 5. Bxc6 dxc6 6. Nxe5 Qd4 7. Be3 Qxe5 8.
d4 Qxe4 9. dxc5 Qxg2 10. Rf1 Bh3 11. Qe2 Qxf1+ 12. Qxf1 Bxf1 13. Kxf1 Ng4 14.
Kg2 Nxe3+ 15. fxe3 Rd8 16. Nc3 Rd2+ 17. Kg3 Rxc2 18. Na4 h5 19. h4 Rc4 20. Nc3
Rxc5 21. a4 g5 22. Ne4 gxh4+ 23. Kh3 Re5 24. Nf6+ Ke7 25. Rf1 Re6 26. Kxh4 Rxf6
27. Rg1 Rg6 28. Rc1 Rg4+ 29. Kh3 Rhg8 30. Rc5 Rg1 31. Rc2 Rh1+ 32. Rh2 Rxh2+ 33.
Kxh2 Rg4 34. a5 Ke6 35. b4 Ke5 0-1

[Event "AUTO-OPEN-3665"]
[Site "http://www.queenalice.com/game.php?id=1427107"]
[Date "2016.6.11"]
[Round "1"]
[White "herculesvieira"]
[Black "mc58"]
[Result "1-0"]
[WhiteElo "1798"]
[BlackElo "1746"]

1. e4 d6 2. d4 Nf6 3. Nc3 g6 4. Bc4 Bg7 5. Nf3 O-O 6. O-O c5 7. dxc5 dxc5 8.
Qxd8 Rxd8 9. Bg5 Nc6 10. Bxf6 Bxf6 11. Rfd1 Bg4 12. Rxd8+ Rxd8 13. h3 Bxf3 14.
gxf3 Ne5 15. Bd5 Nxf3+ 16. Kg2 1-0

[Event "AUTO-OPEN-3665"]
[Site "http://www.queenalice.com/game.php?id=1427108"]
[Date "2016.6.11"]
[Round "1"]
[White "mc58"]
[Black "herculesvieira"]
[Result "0-1"]
[WhiteElo "1746"]
[BlackElo "1813"]

1. e4 e5 2. Nf3 Nc6 3. Bb5 Nf6 4. Bxc6 dxc6 5. d3 Bd6 6. Nc3 O-O 7. d4 exd4 8.
Qxd4 c5 9. Qd3 Qe7 10. O-O Ng4 11. h3 Ne5 12. Nxe5 Bxe5 13. Nd5 Qd6 14. f4 Bd4+
15. Kh1 f5 16. Ne3 fxe4 17. Qb3+ Qe6 0-1

[Event "AUTO-OPEN-3665"]
[Site "http://www.queenalice.com/game.php?id=1427109"]
[Date "2016.6.11"]
[Round "1"]
[White "herculesvieira"]
[Black "miltonlovisk"]
[Result "0-1"]
[WhiteElo "1827"]
[BlackElo "1985"]

1. e4 e5 2. Nf3 Nc6 3. Bb5 Qf6 4. Nc3 Bd6 5. d3 h6 6. Bxc6 dxc6 7. Bd2 Bg4 8. h3
Bxf3 9. Qxf3 Qe7 10. O-O O-O-O 11. Qg4+ Kb8 12. Qxg7 Nf6 13. Bxh6 Rdg8 14. Qxh8
Rxh8 15. Bg5 Qe6 16. f4 exf4 17. Bxf4 Bc5+ 18. Kh2 Ng4+ 19. Kh1 Nf6 20. Rf3 Nh5
21. Raf1 f6 22. a3 Nxf4 23. d4 Nxh3 24. dxc5 Ng5+ 25. Kg1 Nxf3+ 26. Rxf3 Qe5 27.
Rf5 Qd4+ 28. Rf2 Rh1+ 0-1

[Event "AUTO-OPEN-3665"]
[Site "http://www.queenalice.com/game.php?id=1427110"]
[Date "2016.6.11"]
[Round "1"]
[White "miltonlovisk"]
[Black "herculesvieira"]
[Result "0-1"]
[WhiteElo "2009"]
[BlackElo "1818"]

1. e4 e5 2. Nf3 Nc6 3. a3 Nf6 4. Nc3 Bc5 5. Bc4 Ng4 6. O-O h6 7. d3 O-O 8. Nd5
Nf6 9. h3 d6 10. Kh1 Nxd5 11. exd5 Ne7 12. a4 c6 13. dxc6 Nxc6 14. c3 d5 15. Ba2
e4 16. dxe4 dxe4 17. Qxd8 Rxd8 18. Nd2 e3 19. Ne4 e2 20. Re1 Rd1 21. Be3 Rxa1
22. Rxa1 Bxe3 23. fxe3 Bf5 24. Ng3 Bd3 25. Re1 Re8 26. e4 Re5 27. Bd5 Na5 28.
Kg1 Bc2 29. Rxe2 Bxa4 30. b4 Nc6 31. Bxc6 Bxc6 32. Kf2 g5 33. c4 a6 34. Kf3 f5
35. Ke3 f4+ 36. Kf3 fxg3 37. Kxg3 Rxe4 38. Rxe4 Bxe4 39. c5 Kf7 40. Kf2 Ke6 41.
g3 Kd5 42. Ke3 Bb1 0-1

[Event "AUTO-OPEN-3665"]
[Site "http://www.queenalice.com/game.php?id=1469297"]
[Date "2017.3.17"]
[Round "2"]
[White "herculesvieira"]
[Black "Suso71"]
[Result "0-1"]
[WhiteElo "1881"]
[BlackElo "2856"]

1. e4 c5 2. Nf3 d6 3. d4 cxd4 4. Nxd4 Nf6 5. Nc3 h6 6. Bd3 e5 7. Nb3 Be7 8. O-O
O-O 9. Be3 Be6 10. f4 Ng4 11. Qf3 Nxe3 12. Qxe3 exf4 13. Qxf4 Bf6 14. Rad1 Be5
15. Qf3 Nc6 16. g3 Rc8 17. Rb1 Bxc3 18. bxc3 Ne5 19. Qe2 Bh3 20. Rfc1 a6 21. c4
b5 22. cxb5 Qb6+ 23. Kh1 Bg4 0-1

[Event "AUTO-OPEN-3665"]
[Site "http://www.queenalice.com/game.php?id=1469298"]
[Date "2017.3.17"]
[Round "2"]
[White "Suso71"]
[Black "herculesvieira"]
[Result "1-0"]
[WhiteElo "2847"]
[BlackElo "1883"]

1. e4 e5 2. Nf3 Nc6 3. Bb5 Bd6 4. O-O Nf6 5. d4 Nxd4 6. Nxd4 exd4 7. e5 Bxe5 8.
Re1 Nd5 9. Rxe5+ Ne7 10. Re2 O-O 11. Qxd4 c6 12. Bd3 g6 13. Bh6 Re8 14. Qg7# 1-0